000 00617nam a2200277Ia 4500
005 20260324150748.0
008 008 260324s9999 xx 000 0 eng d
020 _a9781003263982
037 _aEBOOK
040 _aCRL
040 _beng
040 _cCRL
041 _2eng
041 _aeng
084 _qCRL
100 _aWilliam Robson
_9999140
245 0 _aSocial Security
260 _bTaylor and Francis
260 _c1943
365 _a
365 _b230
856 _uhttp://www.taylorfrancis.com/books/9781003263982
942 _cEBOOK
999 _c1837564
_d1837564